000 01156nam2a2200301 4500
001 RU\NLR\BIBL_A\012635076
005 20250806202133.0
035 _a(NLR Aleph) 012635076
090 _a68079
_c68079
100 _a20250806 rusy50
101 0 _arus
102 _aRU
135 _acrcn 024anaba
200 0 _a1943, № 123 (6389) (17 июня)
210 _d1943
325 1 _aКопия доступна в электронной библиотеке РНБ
461 0 _1001RU\NLR\DIGIT\NP\000441
_12001#$aДагестанская правда$v1943, № 123 (6389) (17 июня)
852 _aNLR
_jР7
856 0 _uhttps://vivaldi.nlr.ru/ap000067042/view
856 1 _uhttps://vivaldi.nlr.ru/ap000067042/cover
856 2 _uhttps://vivaldi.nlr.ru/ap000067042/text
901 _eГазеты
942 _cISSNP
945 _aРоссийская национальная библиотека
980 _aNB
980 _aBV
981 2 7 _a(27) Периодические издания
_b(27) Газеты